Statistiques concernant Départements français commençant par la lettre M

Cliquez ici pour prendre le quiz!

Statistiques générales

  • Ce quiz a été pris 983 fois
  • Le résultat moyen est 9 sur 10

Statistiques - réponses

NuméroRégionDépartement% Correct
54Grand-EstMeurthe-et-Moselle
96%
57Grand-EstMoselle
96%
51Grand-EstMarne
93%
55Grand-EstMeuse
90%
53Pays de la LoireMayenne
89%
56BretagneMorbihan
88%
50NormandieManche
86%
49Pays de la LoireMaine-et-Loire
85%
972MartiniqueMartinique
84%
976MayotteMayotte
84%

Distribution des résultats

Percentile par nombre de réponses

% des personnes avec chaque résultat

Votre développement - résultats

Vous n’avez pas pris ce quiz